|
|
|
|
| LEADER |
00606nam a22001457a 4500 |
| 008 |
180820b xxu||||| |||| 00| 0 eng d |
| 082 |
|
|
|a 616.9792
|
| 100 |
|
|
|a Kapali, N V R
|
| 245 |
|
|
|a AIDS awareness and prevention :
|b utilizing extension methodologies /
|c N. V. R. Kapali .
|
| 260 |
|
|
|a New Delhi :
|b Monitoring and Documentation,
|c c1996.
|
| 300 |
|
|
|a 75p.;
|c 20cm.
|
| 650 |
|
7 |
|2 fast
|9 860521
|a AIDS (Disease)
|v Prevention
|
| 942 |
|
|
|c BK
|
| 999 |
|
|
|c 283042
|d 283042
|
| 952 |
|
|
|0 0
|1 0
|2 ddc
|4 0
|6 616_979200000000000_KAP_A
|7 0
|9 320871
|a LLE
|b LLE
|c ST1
|d 1996-03-12
|e Athulya books
|g 135.00
|i 1046
|o 616.9792 KAP/A
|p LLE1046
|r 2018-08-20
|y BK
|